00437nam a2200157Ia 45000010006000000050017000060080041000230410008000640820016000721000032000882450106001202600009002263000028002356500008002636540008002711719120260306170407.0260306t2014||||xx |||||||||||||| ||und|| aESP a657.61bA11 aAbanto Bromley, MarthaeAUT 0aNormas internacionales de contabilidad 2015 NIC, NIIF, SIC, CINIIF:bexplicadas con casos prácticos c2014 a975 páginas :c25 cm. aGEN aCCO